V. I. Lê-Nin toàn tập T.47 T.47

Сохранить в:
Библиографические подробности
Главный автор: Lê-Nin, V.I., 1870-1924
Формат:
Опубликовано: Sự thật 1981
Метки: Добавить метку
Нет меток, Требуется 1-ая метка записи!
Thư viện lưu trữ: Mạng thư viện Đại học Đà Nẵng
LEADER 00533nam a2200217 a 4500
001 000029509
003 2125
005 20171030145630.0
008 171030s1981
040 |a LTT 
082 0 |a 335.4  |b LÊ-N 
100 1 |a Lê-Nin, V.I., 1870-1924 
245 0 0 |a V. I. Lê-Nin toàn tập T.47  |c V. I. Lê Nin.  |n T.47 
260 |b Sự thật  |c 1981 
OWN |a LTT 
999 |a From the UDN01 
TYP |a Monograph 
TYP |a Printed language 
980 |a Mạng thư viện Đại học Đà Nẵng